SV Darmstadt 98 Squad 2023-2024 - Statistics

General Stats
  • This quiz has been taken 44 times
    34 since last reset
  • The average score is 19 of 33
Answer Stats
# Position Nation Player % Correct
32 DF Germany Fabian Holland
89%
1 GK Germany Marcel Schuhen
89%
29 FW Sweden Oscar Vilhelmsson
82%
23 MF Albania Klaus Gjasula
79%
6 MF Germany Marvin Mehlem
79%
15 MF Germany Fabian Nürnberger
71%
25 FW Philippines Gerrit Holtmann
71%
5 DF Croatia Matej Maglica
71%
27 FW Germany Tim Skarke
71%
11 MF Germany Tobias Kempe
71%
- Coach Germany Torsten Lieberknecht
71%
9 FW Scotland Fraser Hornby
68%
18 FW Austria Mathias Honsak
68%
26 DF Germany Matthias Bader
68%
4 DF Germany Christoph Zimmermann
64%
19 DF Austria Emir Karic
61%
14 DF Austria Christoph Klarer
57%
40 FW Germany Sebastian Polter
57%
24 FW Germany Luca Pfeiffer
54%
3 DF Sweden Thomas Isherwood
54%
7 FW Ghana Braydon Manu
50%
30 GK Germany Alexander Brunst
46%
38 DF Germany Clemens Riedel
46%
16 MF Germany Andreas Müller
43%
8 MF Germany Fabian Schnellhardt
43%
20 DF Germany Jannik Müller
43%
42 FW Germany Fabio Torsiello
36%
10 FW Switzerland Filip Stojilković
36%
17 MF Germany Julian Justvan
36%
13 GK Germany Morten Behrens
36%
28 MF Croatia Bartol Franjić
32%
22 FW Germany Aaron Seydel
29%
17 DF Germany Frank Ronstadt
18%
No matching quizzes found
Score Distribution
Percent of People with Each Score
Percentile by Number Answered
Your Score History
You have not taken this quiz since the last reset